| 000 | 00575 a2200181 4500 | ||
|---|---|---|---|
| 999 |
_c4642 _d4642 |
||
| 005 | 20181004122332.0 | ||
| 010 | _aENG-86519 | ||
| 020 |
_a8183821278 _c95.00 |
||
| 035 | _aEN-70052 | ||
| 037 | _bDBAD / PUB | ||
| 082 | _a398.6 | ||
| 100 | _aGupta, Shabnam | ||
| 245 |
_aOne thousand ten (1010) riddles / _cby Shabnam Gupta |
||
| 260 |
_aNew Delhi _bLotus Press _c2007 |
||
| 270 |
_a4263/3, Ansari Road, Darya Ganj _bNew Delhi _e110 002 _k011-32903912, 011-23290047 _mlotus_press@sify.com |
||
| 300 |
_a168 p. _c21cm (Pbk) |
||
| 942 |
_adpl _cEN _2ddc _h398.6 _mGUP |
||